000 00604nam a2200205 i 4500
001 bg
100 1 _aNIERENBERG, Gerard I.
245 1 0 _aSztuka negocjacji /
_cGerard I. Nierenberg ; [przekł. z ang. Dariusz Bakalarz].
246 _iTyt. oryg.:
_aThe complete negotiator
260 _aWarszawa :
_bStudio Emka,
_ccop. 1997.
300 _a436 s. ;
_c18 cm.
500 _aOryg. : "The complete negotiator" 1986.
650 9 _aNegocjacje
655 _aPodręczniki
040 _cBPK
041 1 _apl
_hen
080 _a65.011:159.9](07)
942 _cKS
008 s pl f |000 0 pol
999 _c32952
_d32952
856 _uhttp://koha.tu.koszalin.pl/cgi-bin/koha/opac-detail.pl?biblionumber=32952
_yKatalog online BPK